00562nam a2200169 450000500170000000800410001702000190005804000290007705000210010610000200012724500800014726000390022730000290026650200190029550400390031485200390035320230824094119.0230824b xxu||||| |||| 00| 0 eng 0 a\a 97851381907 a\a NG-ZaABUc\c NG-ZaABU a\a 21b\b 513995 aa Mahajan, Sneh a\a Issues in Twentieth-Century World Historyc\c by Sneh Mahajanh\h (Text) a\a Bengaluru:b\b Trinityc\c 2010 a\a xviii, 365p.b\b ill. aIncludes Index aInclude Bibliographical References a\a KILc\c Reserve Unitp\p 513995